000 00702nmm a2200277 a 4500
003 AR-X00000XY
005 20251128211944.0
008 227020s1990 ||||||||||||||000 | spa||
020 _a0-8442-5372-3
040 _cAR-X00000XY
100 1 _aKarls, John B.
245 1 0 _aThe writer's handbook
250 _a2nd ed.
260 _aLincolnwood
_bNational Textbook Company
_c1990
300 0 _a255 p.
650 4 _aENSENANZA DE IDIOMAS
650 4 _aINGLES
650 4 _aENSENANZA DE LA ESCRITURA
650 4 _aRETORICA
650 4 _aREDACCION
650 4 _aCOMPOSICION LITERARIA
650 4 _aEJERCICIOS DE REDACCION
700 1 _aSzymanski, Ronald
942 _cBK
998 _cNancy
999 _c21780
_d21780